=LDR 00000nam 2200000 4500 =001 NUTBA000000000005450 =005 20141030100805.0 =006 =007 =008 =020 ##$$a 978-979-728-791-8 =035 ##$$0010-101400000000680 =040 ##$$a NBPDMAT =082 ##$$a 372.8 =090 ##$$a 372.8 $b Tan a =100 ##$$a Tantrina Dewi =245 ##$$a Aktivitas utama Ilmu Pengetahuan Sosial untuk SD dan MI kelas 6 semester 1/ $c Tantri Dewi =250 ##$$a Cet.1 =260 ##$$a Jakarta : $b Pustaka Widya Utama, $c 2010 =300 ##$$a 87 hlm. : $b ilus. ; $c 29 cm. =650 ##$$a Ilmu Pengetahuan Sosial - SD =850 ##$$a NBPDMAT =990 ##$$a 0001/BPAP-NTB/2015 =990 ##$$a 0114/BPAP-NTB/2016